|
|
|
|
| LEADER |
00000cam a2200000 7i4500 |
| 001 |
0000001316 |
| 005 |
20151222.0 |
| 008 |
070704 |
| 020 |
|
|
|a 9838523968
|
| 020 |
|
|
|a 9838524069(set)
|
| 090 |
0 |
0 |
|a JF
|b REG MAL (1522)
|
| 100 |
0 |
|
|a Khadijah Hashim
|
| 245 |
1 |
0 |
|a Kasih sejati :
|b abadi mewangi
|c Khadijah Hashim
|
| 260 |
|
|
|a Selangor :
|b 'K' Publishing ,
|c 2004
|
| 440 |
|
0 |
|a Siri insan madani
|
| 500 |
|
|
|a Children ages 7-9 years old (orange)
|
| 650 |
|
0 |
|a Malay fiction
|
| 650 |
|
0 |
|a Short stories, Malay
|
| 999 |
|
|
|a 0000875979
|b Book
|c Adult Collection
|e Cawangan Pontian
|
| 999 |
|
|
|a 0000875983
|b Book
|c Teenagers
|e Cawangan Bandar Penawar
|
| 999 |
|
|
|a 0000955503
|b Book
|c Children Collection
|e Cawangan Muar
|
| 999 |
|
|
|a 0000955504
|b Book
|c Children Collection
|e Cawangan Bukit Gambir
|
| 999 |
|
|
|a 0000955505
|b Book
|c Children Collection
|e Perbadanan Perpustakaan Awam Johor
|